[Event "IECC Swiss-497.3"]
[Site "IECC email"]
[Date "2006.05.10"]
[Round "?"]
[White "Bruce, Earle"]
[Black "Chedid, Rafael Antonio"]
[Result "0-1"]
[WhiteElo "1505"]
[BlackElo "1224"]
[PlyCount "54"]
[EventDate "2006.??.??"]
[EventType "swiss (corr)"]
[EventRounds "1"]
[SourceTitle "Corr 2020"]
[Source "ChessBase"]
[SourceDate "2019.09.30"]
[SourceVersion "1"]
[SourceVersionDate "2019.09.30"]
[SourceQuality "1"]
[WhiteTeam "Canada"]
[BlackTeam "Brazil"]
[WhiteTeamCountry "CAN"]
[BlackTeamCountry "BRA"]

1. d4 Nf6 2. c4 g6 3. Nc3 d6 4. e4 Bg7 5. Nf3 0-0 6. Be2 e5 7. 0-0 Nc6 8. d5 Ne7 9. Ne1 Ne8 10. Bd2 f5 11. f3 f4 12. Nd3 g5 13. Rc1 Rf6 14. c5 Rh6 15. cxd6 cxd6 16. a4 Nf6 17. b4 Bd7 18. Qb3 g4 19. fxg4 Bxg4 20. Ne1 Bxe2 21. Nxe2 Nxe4 22. Nf3 Qb6+ 23. Kh1 Nf2+ 24. Kg1 Ng4+ 25. Kh1 Nf2+ 26. Kg1 Nd3+ 27. Kh1 Nxc1 0-1

[Event "IECG TE.2004.P.01619 email"]
[Site "IECG email"]
[Date "2004.09.22"]
[Round "?"]
[White "Geiger, Walter"]
[Black "Chedid, Rafael Antonio"]
[Result "1-0"]
[WhiteElo "2064"]
[BlackElo "1160"]
[PlyCount "45"]
[EventDate "2004.09.22"]
[EventType "tourn (corr)"]
[EventRounds "8"]
[SourceTitle "Corr 2008"]
[Source "ChessBase"]
[SourceDate "2008.06.24"]
[SourceVersion "1"]
[SourceVersionDate "2008.06.24"]
[SourceQuality "1"]

1. e4 c6 2. d4 d5 3. e5 Bf5 4. Nf3 e6 5. Be2 Ne7 6. 0-0 Nd7 7. Nh4 Bg6 8. Nd2 Qb6 9. Nb3 c5 10. dxc5 Nxc5 11. Nxc5 Qxc5 12. c3 Qc7 13. f4 Qb6+ 14. Kh1 Nc6 15. f5 exf5 16. Qxd5 Rd8 17. Qc4 Be7 18. Nxf5 0-0 19. e6 Bf6 20. Nh6+ Kh8 21. Nxf7+ Bxf7 22. exf7 Ne5 23. Qc7 1-0

[Event "IECG TE.2004.P.01619 email"]
[Site "IECG email"]
[Date "2004.09.22"]
[Round "?"]
[White "Soggiorno, Lucas"]
[Black "Chedid, Rafael Antonio"]
[Result "1-0"]
[WhiteElo "944"]
[BlackElo "1160"]
[PlyCount "44"]
[EventDate "2004.09.22"]
[EventType "tourn (corr)"]
[EventRounds "8"]
[SourceTitle "Corr 2008"]
[Source "ChessBase"]
[SourceDate "2008.06.24"]
[SourceVersion "1"]
[SourceVersionDate "2008.06.24"]
[SourceQuality "1"]

1. e4 c6 2. d4 d5 3. e5 Bf5 4. Ne2 e6 5. Ng3 Bg6 6. h4 h5 7. Be2 c5 8. dxc5 Bxc5 9. Nxh5 Qb6 10. 0-0 Ne7 11. Nc3 Bxh5 12. Bxh5 g6 13. Bg4 Rxh4 14. Na4 Bxf2+ 15. Rxf2 Rh1+ 16. Kxh1 Qxf2 17. Qe2 Qh4+ 18. Kg1 Nbc6 19. Bf4 Kd7 20. Nc5+ Kc7 21. g3 Qh7 22. Qb5 b6 1-0

[Event "IECC Swiss-458.3"]
[Site "IECC email"]
[Date "2004.08.17"]
[Round "?"]
[White "Bladyko, Pawel"]
[Black "Chedid, Rafael Antonio"]
[Result "1-0"]
[WhiteElo "1774"]
[BlackElo "1179"]
[PlyCount "37"]
[EventDate "2004.??.??"]
[EventType "swiss (corr)"]
[EventRounds "1"]
[SourceTitle "Corr 2020"]
[Source "ChessBase"]
[SourceDate "2019.09.30"]
[SourceVersion "1"]
[SourceVersionDate "2019.09.30"]
[SourceQuality "1"]
[WhiteTeam "Poland"]
[BlackTeam "Brazil"]
[WhiteTeamCountry "POL"]
[BlackTeamCountry "BRA"]

1. e4 c5 2. Nf3 Nc6 3. Nc3 g6 4. d4 cxd4 5. Nxd4 Bg7 6. Be3 Nf6 7. Nxc6 bxc6 8. e5 Nd5 9. Nxd5 cxd5 10. Qxd5 Rb8 11. Bd4 Bb7 12. Qc4 a6 13. e6 f6 14. Rd1 dxe6 15. Bxf6 Qa5+ 16. b4 Bd5 17. bxa5 Bxc4 18. Bxg7 Bxf1 19. Bxh8 1-0

[Event "IECG CF.2004.0.00060 email"]
[Site "IECG email"]
[Date "2004.05.16"]
[Round "?"]
[White "Chedid, Rafael Antonio"]
[Black "Hughes, Chris"]
[Result "1-0"]
[WhiteElo "1169"]
[BlackElo "826"]
[PlyCount "83"]
[EventDate "2004.05.16"]
[EventType "tourn (corr)"]
[EventRounds "6"]
[SourceTitle "Corr 2008"]
[Source "ChessBase"]
[SourceDate "2008.06.24"]
[SourceVersion "1"]
[SourceVersionDate "2008.06.24"]
[SourceQuality "1"]

1. e4 e6 2. d4 d5 3. e5 c5 4. c3 Nc6 5. Nf3 Qb6 6. Be2 cxd4 7. cxd4 Nh6 8. Nc3 Nf5 9. Na4 Bb4+ 10. Bd2 Qa5 11. Bc3 Bxc3+ 12. Nxc3 0-0 13. g4 Nfe7 14. a3 Bd7 15. b4 Qb6 16. Na4 Qc7 17. Nc5 f6 18. Rc1 fxe5 19. Nxd7 Qxd7 20. dxe5 Ng6 21. Bb5 a6 22. Bxc6 bxc6 23. h4 Rf4 24. h5 Ne7 25. g5 Raf8 26. Rh3 Re4+ 27. Kf1 Qb7 28. Rc5 Qa7 29. Qc2 Qb6 30. h6 g6 31. Qc3 Rc8 32. Nd2 Rg4 33. Qc1 Rf8 34. Rf3 Rxg5 35. Rxf8+ Kxf8 36. Nc4 Qa7 37. Qxg5 dxc4 38. Qf6+ Ke8 39. Qxe6 Qb7 40. Qf6 Qb6 41. e6 Nd5 42. Qf7+ 1-0

[Event "IECG CF.2004.0.00060 email"]
[Site "IECG email"]
[Date "2004.05.16"]
[Round "?"]
[White "Petersen, Hans"]
[Black "Chedid, Rafael Antonio"]
[Result "1-0"]
[WhiteElo "1000"]
[BlackElo "1169"]
[PlyCount "51"]
[EventDate "2004.05.16"]
[EventType "tourn (corr)"]
[EventRounds "6"]
[SourceTitle "Corr 2008"]
[Source "ChessBase"]
[SourceDate "2008.06.24"]
[SourceVersion "1"]
[SourceVersionDate "2008.06.24"]
[SourceQuality "1"]

1. d4 f5 2. g3 Nf6 3. Nf3 g6 4. h3 Bg7 5. Bf4 0-0 6. e3 d6 7. Qd3 Qe8 8. Qc4+ Kh8 9. Bg2 c6 10. Nbd2 Ne4 11. g4 Nxd2 12. Nxd2 fxg4 13. 0-0-0 Nd7 14. hxg4 Nb6 15. Qe2 Qf7 16. b3 Nd5 17. Bxd5 cxd5 18. Rh4 g5 19. Bxg5 Bf6 20. Bxf6+ Qxf6 21. Rdh1 Rf7 22. Qb5 Be6 23. Rh6 Qxf2 24. Rxe6 Qg2 25. Reh6 Qxg4 26. Qd3 1-0

[Event "IECC CL7-2004.07 email"]
[Site "IECC email"]
[Date "2004.04.21"]
[Round "?"]
[White "Fritsch, Klaus"]
[Black "Chedid, Rafael Antonio"]
[Result "0-1"]
[WhiteElo "1004"]
[BlackElo "1155"]
[PlyCount "74"]
[EventDate "2004.??.??"]
[EventType "tourn (corr)"]
[EventRounds "4"]
[SourceTitle "Corr 2008"]
[Source "ChessBase"]
[SourceDate "2008.06.24"]
[SourceVersion "1"]
[SourceVersionDate "2008.06.24"]
[SourceQuality "1"]

1. e4 c5 2. c4 Nc6 3. Nf3 e6 4. Nc3 Nf6 5. d4 cxd4 6. Nxd4 Bb4 7. a3 Bxc3+ 8. bxc3 Qa5 9. Qd3 Nxd4 10. Qxd4 d5 11. cxd5 0-0 12. Bc4 exd5 13. exd5 Re8+ 14. Be3 Ne4 15. d6 Bd7 16. 0-0 Qxc3 17. Bxf7+ Kxf7 18. Qd5+ Kf8 19. Qxb7 Qc6 20. Qb4 Re6 21. Rac1 Qxd6 22. Bc5 Nxc5 23. Rxc5 Kg8 24. Qb7 Bc6 25. Qb4 Rh6 26. Qc4+ Kh8 27. Rc1 Qxh2+ 28. Kf1 Qxg2+ 29. Ke2 Re8+ 30. Kd3 Qf3+ 31. Kc2 Qxf2+ 32. Kb1 Rh2 33. Rc2 Rh1+ 34. Kb2 Qf6+ 35. Ka2 Qa1+ 36. Kb3 Rb1+ 37. Rb2 Qxb2# 0-1

[Event "IECG TE.2003.P.01301 email"]
[Site "IECG email"]
[Date "2003.11.11"]
[Round "?"]
[White "Revesz, Bela"]
[Black "Chedid, Rafael Antonio"]
[Result "1-0"]
[WhiteElo "2292"]
[BlackElo "1169"]
[PlyCount "35"]
[EventDate "2003.11.11"]
[EventType "tourn (corr)"]
[EventRounds "10"]
[SourceTitle "Corr 2008"]
[Source "ChessBase"]
[SourceDate "2008.06.24"]
[SourceVersion "1"]
[SourceVersionDate "2008.06.24"]
[SourceQuality "1"]

1. e4 c5 2. Nf3 Nc6 3. d4 cxd4 4. Nxd4 Nf6 5. Nc3 e6 6. Nxc6 bxc6 7. e5 Nd5 8. Ne4 Qc7 9. f4 Qb6 10. a3 Ba6 11. c4 Ne3 12. c5 Bxc5 13. Bxe3 Bxe3 14. Nd6+ Ke7 15. Bxa6 Qxa6 16. Qh5 g6 17. Qg5+ Kf8 18. Qf6 1-0

[Event "IECC CL7-2003.23 email"]
[Site "IECC email"]
[Date "2003.10.21"]
[Round "?"]
[White "Chedid, Rafael Antonio"]
[Black "Dockery, Donovan"]
[Result "1-0"]
[WhiteElo "1124"]
[BlackElo "1029"]
[PlyCount "63"]
[EventDate "2003.??.??"]
[EventType "tourn (corr)"]
[EventRounds "4"]
[SourceTitle "Corr 2008"]
[Source "ChessBase"]
[SourceDate "2008.06.24"]
[SourceVersion "1"]
[SourceVersionDate "2008.06.24"]
[SourceQuality "1"]

1. e4 c5 2. Nf3 Nc6 3. d4 cxd4 4. Nxd4 Nf6 5. Nc3 d5 6. Bb5 Qd6 7. exd5 Nxd5 8. Nxd5 Qxd5 9. Nxc6 Qxd1+ 10. Kxd1 Bd7 11. Nd4 0-0-0 12. Bd2 e5 13. Bxd7+ Rxd7 14. Nb5 Kb8 15. Ke2 a6 16. Nc3 Bb4 17. Rhd1 Rhd8 18. a3 Bxc3 19. Bxc3 f6 20. Rd2 Rxd2+ 21. Bxd2 f5 22. Rd1 h6 23. Bc3 Rxd1 24. Kxd1 e4 25. Bxg7 h5 26. Kd2 Kc7 27. Ke3 Kd6 28. Kd4 b5 29. b3 a5 30. g3 Kc6 31. Ke5 b4 32. axb4 1-0

[Event "IECC CL7-2003.23 email"]
[Site "IECC email"]
[Date "2003.10.21"]
[Round "?"]
[White "Chedid, Rafael Antonio"]
[Black "Hulse, David"]
[Result "1-0"]
[WhiteElo "1135"]
[BlackElo "1200"]
[PlyCount "83"]
[EventDate "2003.??.??"]
[EventType "tourn (corr)"]
[EventRounds "4"]
[SourceTitle "Corr 2008"]
[Source "ChessBase"]
[SourceDate "2008.06.24"]
[SourceVersion "1"]
[SourceVersionDate "2008.06.24"]
[SourceQuality "1"]

1. e4 c5 2. Nf3 e6 3. d4 cxd4 4. Nxd4 Nf6 5. Nc3 d6 6. Bc4 a6 7. Bb3 b5 8. 0-0 Bb7 9. Re1 Nc6 10. a4 b4 11. Nxc6 Bxc6 12. Nd5 Be7 13. Nxe7 Qxe7 14. Bg5 h6 15. Bxf6 gxf6 16. a5 Rg8 17. Qd2 Rd8 18. Qxb4 d5 19. Qxe7+ Kxe7 20. exd5 Bxd5 21. Bxd5 Rxd5 22. Red1 Rgd8 23. Rxd5 Rxd5 24. Kf1 Rd2 25. Rc1 Kd6 26. Ke1 Rd5 27. b4 Re5+ 28. Kd2 f5 29. f3 f4 30. c4 Rg5 31. Rg1 h5 32. g3 fxg3 33. Rxg3 Rxg3 34. hxg3 f5 35. Ke3 e5 36. b5 axb5 37. cxb5 Kc7 38. Kd3 Kd6 39. b6 Kc6 40. Ke3 Kb7 41. Kf2 Kc6 42. Kg2 1-0

[Event "IECC TH-M-2189"]
[Site "IECC email"]
[Date "2003.08.02"]
[Round "?"]
[White "Chedid, Rafael Antonio"]
[Black "Owen, Keith"]
[Result "0-1"]
[WhiteElo "1219"]
[BlackElo "1447"]
[PlyCount "78"]
[EventDate "2003.??.??"]
[EventType "match (corr)"]
[EventRounds "2"]
[SourceTitle "Corr 2008"]
[Source "ChessBase"]
[SourceDate "2008.06.24"]
[SourceVersion "1"]
[SourceVersionDate "2008.06.24"]
[SourceQuality "1"]

1. e4 e5 2. Nf3 Nc6 3. Bc4 Bc5 4. b4 Bxb4 5. c3 Bc5 6. d4 Bd6 7. dxe5 Nxe5 8. Nxe5 Bxe5 9. Bxf7+ Kxf7 10. Qd5+ Kf8 11. Qxe5 d6 12. Qf4+ Nf6 13. 0-0 Be6 14. Rd1 Qe8 15. Ba3 Qh5 16. Nd2 Kg8 17. Nb3 Qe8 18. Bb2 Bxb3 19. axb3 Qxe4 20. Qxe4 Nxe4 21. Re1 Nc5 22. Re7 Nxb3 23. Rae1 h6 24. Rxc7 Rh7 25. Rxb7 Nc5 26. Rc7 Nd3 27. Rb1 Rb8 28. Rxa7 Rxb2 29. Rd1 Nc5 30. g3 Rb6 31. Re1 Rb7 32. Ra8+ Kf7 33. Rd8 Rd7 34. Rc8 g5 35. Rc6 Rh8 36. Rd1 Ke6 37. c4 Rb8 38. Kg2 Rb2 39. Rd4 Nb7 0-1

[Event "IECC Swiss email"]
[Site "IECC email"]
[Date "2003.01.21"]
[Round "?"]
[White "Chedid, Rafael Antonio"]
[Black "Dobrzycki, Tomasz"]
[Result "1/2-1/2"]
[WhiteElo "1104"]
[BlackElo "1600"]
[PlyCount "107"]
[EventDate "2003.??.??"]
[EventType "tourn (corr)"]
[EventRounds "6"]
[SourceTitle "Corr 2008"]
[Source "ChessBase"]
[SourceDate "2008.06.24"]
[SourceVersion "1"]
[SourceVersionDate "2008.06.24"]
[SourceQuality "1"]

1. e4 e6 2. d4 d5 3. Nd2 c5 4. exd5 exd5 5. Ngf3 Nc6 6. Bb5 Bd7 7. Qe2+ Qe7 8. Qxe7+ Bxe7 9. dxc5 Bxc5 10. Nb3 Bd6 11. 0-0 Nge7 12. Be3 0-0 13. c3 a6 14. Bd3 Rfe8 15. Nbd4 Bg4 16. h3 Bh5 17. g4 Bg6 18. Bxg6 Nxg6 19. Rad1 Bf4 20. Bxf4 Nxf4 21. Kh2 Ne2 22. Nxe2 Rxe2 23. Rd2 Rae8 24. Rfd1 h6 25. Kg3 g5 26. a4 b5 27. axb5 axb5 28. b4 Rxd2 29. Rxd2 Rd8 30. Nd4 Nxd4 31. Rxd4 Kg7 32. h4 Kf6 33. f4 gxf4+ 34. Kxf4 Ke6 35. Rd3 Rc8 36. Re3+ Kf6 37. g5+ hxg5+ 38. hxg5+ Kg6 39. Rd3 Rd8 40. Ke5 Kxg5 41. Rg3+ Kh4 42. Rf3 Rd7 43. Rf6 Kg5 44. Rb6 Rc7 45. Rxb5 Rxc3 46. Rb8 Rb3 47. b5 f5 48. b6 Kg6 49. b7 Kg7 50. Kxd5 f4 51. Kc6 f3 52. Ra8 f2 53. Ra1 Kg6 54. Kc7 1/2-1/2

[Event "IECC CL7-2002.24"]
[Site "IECC email"]
[Date "2002.11.07"]
[Round "?"]
[White "Chedid, Rafael Antonio"]
[Black "Vercesi, Michele"]
[Result "1-0"]
[WhiteElo "1045"]
[BlackElo "987"]
[PlyCount "71"]
[EventDate "2002.??.??"]
[EventType "tourn (corr)"]
[EventRounds "4"]
[SourceTitle "Corr 2008"]
[Source "ChessBase"]
[SourceDate "2008.06.24"]
[SourceVersion "1"]
[SourceVersionDate "2008.06.24"]
[SourceQuality "1"]

1. e4 e5 2. Nf3 Nc6 3. Bc4 Nf6 4. Ng5 d5 5. exd5 Na5 6. Be2 h6 7. Nf3 e4 8. Nd4 Qxd5 9. Nb5 Bd6 10. N1c3 Qe5 11. h3 0-0 12. Nxd6 cxd6 13. 0-0 d5 14. d3 Bf5 15. d4 Qe6 16. Be3 Rac8 17. Qd2 g5 18. f3 exf3 19. Rxf3 Ne4 20. Nxe4 Bxe4 21. Qxa5 Bxf3 22. Bxf3 Qxe3+ 23. Kh1 Qxd4 24. c3 Qd2 25. Qb5 Rfe8 26. Bxd5 Re5 27. Bxf7+ Kxf7 28. Qxe5 Qd7 29. Rf1+ Kg8 30. Qf6 Kh7 31. Qf7+ Qxf7 32. Rxf7+ Kg6 33. Rxb7 Rf8 34. Rxa7 Rf1+ 35. Kh2 Rf2 36. Rb7 1-0

[Event "IECG CF.2002.0.00027 email"]
[Site "IECG email"]
[Date "2002.06.12"]
[Round "?"]
[White "Chedid, Rafael Antonio"]
[Black "Marques, Tiago Jose Ribeiro"]
[Result "0-1"]
[WhiteElo "1038"]
[BlackElo "1000"]
[PlyCount "70"]
[EventDate "2002.06.12"]
[EventType "tourn (corr)"]
[EventRounds "6"]
[SourceTitle "Corr 2008"]
[Source "ChessBase"]
[SourceDate "2008.06.24"]
[SourceVersion "1"]
[SourceVersionDate "2008.06.24"]
[SourceQuality "1"]

1. e4 c5 2. Nf3 d6 3. d4 cxd4 4. Nxd4 Nf6 5. Nc3 a6 6. h3 e6 7. g4 d5 8. exd5 Nxd5 9. Nde2 Bb4 10. Bg2 0-0 11. Bd2 Nxc3 12. Nxc3 Nc6 13. a3 Be7 14. Bxc6 bxc6 15. Qf3 Rb8 16. Rd1 Qb6 17. b4 c5 18. 0-0 cxb4 19. axb4 Bb7 20. Qe3 Qc6 21. f3 Bxb4 22. Ne4 Be7 23. Qb3 Ba8 24. Qc3 f5 25. Qxc6 Bxc6 26. Ng5 fxg4 27. fxg4 Bc5+ 28. Kh2 Bd5 29. Kg3 h6 30. Nf3 Bd6+ 31. Kg2 Rb2 32. Rc1 Ra2 33. Be3 Ra3 34. Rce1 Rc3 35. Rf2 a5 0-1

[Event "IECG CF.2002.0.00027 email"]
[Site "IECG email"]
[Date "2002.06.12"]
[Round "?"]
[White "Popp, Tony"]
[Black "Chedid, Rafael Antonio"]
[Result "0-1"]
[WhiteElo "1058"]
[BlackElo "1038"]
[PlyCount "28"]
[EventDate "2002.06.12"]
[EventType "tourn (corr)"]
[EventRounds "6"]
[SourceTitle "Corr 2008"]
[Source "ChessBase"]
[SourceDate "2008.06.24"]
[SourceVersion "1"]
[SourceVersionDate "2008.06.24"]
[SourceQuality "1"]

1. a3 g6 2. g4 Bg7 3. Bg2 d5 4. h3 c5 5. d3 Nc6 6. Nc3 e6 7. Bf4 Nge7 8. e4 dxe4 9. Nxe4 Bxb2 10. Nd6+ Kf8 11. Rb1 Bc3+ 12. Ke2 Nd5 13. Bxd5 exd5 14. Nxb7 Qe7+ 0-1

[Event "IECG CF.2001.0.00012 email"]
[Site "IECG email"]
[Date "2001.12.03"]
[Round "?"]
[White "Casser, Aaron"]
[Black "Chedid, Rafael Antonio"]
[Result "1-0"]
[WhiteElo "1127"]
[BlackElo "1038"]
[PlyCount "49"]
[EventDate "2001.12.03"]
[EventType "tourn (corr)"]
[EventRounds "6"]
[SourceTitle "Corr 2008"]
[Source "ChessBase"]
[SourceDate "2008.06.24"]
[SourceVersion "1"]
[SourceVersionDate "2008.06.24"]
[SourceQuality "1"]

1. e4 c5 2. Nf3 d6 3. d4 cxd4 4. Nxd4 Nf6 5. Nc3 a6 6. Bg5 e6 7. f4 Qb6 8. Qd2 Qxb2 9. Rb1 Qa3 10. Be2 Nbd7 11. 0-0 Be7 12. e5 dxe5 13. fxe5 Nxe5 14. Bxf6 gxf6 15. Ne4 f5 16. Rb3 Qa4 17. Qc3 Rg8 18. Nc5 Bxc5 19. Qxc5 Nc6 20. Rd1 Nxd4 21. Rxd4 Qc6 22. Qxc6+ bxc6 23. Bf3 Bd7 24. Rb7 Rd8 25. Rdxd7 1-0

[Event "IECG CF.2001.0.00012 email"]
[Site "IECG email"]
[Date "2001.12.03"]
[Round "?"]
[White "Popp, Tony"]
[Black "Chedid, Rafael Antonio"]
[Result "1/2-1/2"]
[WhiteElo "1016"]
[BlackElo "1038"]
[PlyCount "74"]
[EventDate "2001.12.03"]
[EventType "tourn (corr)"]
[EventRounds "6"]
[SourceTitle "Corr 2008"]
[Source "ChessBase"]
[SourceDate "2008.06.24"]
[SourceVersion "1"]
[SourceVersionDate "2008.06.24"]
[SourceQuality "1"]

1. f4 g6 2. a4 Bg7 3. Ra3 d5 4. Nh3 c5 5. Nf2 Nc6 6. g4 f5 7. g5 e5 8. e3 e4 9. c3 c4 10. b4 Be6 11. Ra2 h6 12. h4 hxg5 13. hxg5 Rxh1 14. Nxh1 Qd6 15. b5 Na5 16. Ba3 Qc7 17. Bb4 b6 18. Na3 Nb7 19. Nc2 a6 20. bxa6 Rxa6 21. Nd4 Bxd4 22. cxd4 Qh7 23. Bg2 Ne7 24. Bc3 Nc6 25. Ra1 Qh4+ 26. Nf2 Qg3 27. Kf1 Nba5 28. Nh1 Qh2 29. Qb1 Nb3 30. Ra2 Ra7 31. d3 Rh7 32. Qb2 exd3 33. Qa3 Qh5 34. Ke1 Qg4 35. Rf2 Rh2 36. Qb2 Qh4 37. Bf3 Rxh1+ 1/2-1/2